Manual de Action Learning para gestores pb︢licos

Bibliographic Details
Main Author: Canel, Mara̕ Još
Other Authors: Murphy, Anne
Format: eBook
Language:Spanish
Published: Madrid: Instituto Nacional de Administracin̤ Pb︢lica (INAP), 2020
Subjects:
Online Access:Acceso restringido

MARC

LEADER 00000nam a22000007a 4500
005 20201020224423.0
007 cr|||| ||||
008 201020s2020 es |||||s|||| 00||0 spa d
020 |a 978-84-7351-699-0 
035 |a 32210 
040 |a vLex 
090 |c 10770  |d 10770 
100 1 |a Canel, Mara̕ Još 
245 1 0 |a Manual de Action Learning para gestores pb︢licos  |h [Recurso electrn̤ico] /  |c Mara̕ Jos ̌Canel, Anne Murphy 
256 |a Servicio en ln̕ea 
260 |a Madrid:  |b Instituto Nacional de Administracin̤ Pb︢lica (INAP),  |c 2020 
300 |a 1 recurso electrn̤ico 
506 1 |a Disponible solo en los productos indicados  |d vLex Global  |d vLex Global (Academic Edition, excluding Law Schools)  |d vLex Global (U.S. Academic Edition, Law Schools)  |d vLex Global (U.S. Academic Edition, excluding Law Schools)  |d vLex Global (Academic Edition, Law Schools) 
650 0 4 |a Derecho Pb︢lico y Administrativo  |z Espaą 
700 1 |a Murphy, Anne 
740 0 |a vLex Libros (Servicio en ln̕ea) 
856 4 0 |u http://vlex.com/source/manual-action-learning-gestores-publicos-32210  |z Acceso restringido 
942 |c BOOK 
999 0 |a Public and Administrative Law